| 000 | 01214nam a22003377a 4500 | ||
|---|---|---|---|
| 001 | 0034478 | ||
| 003 | KOHA_MİRAKIL | ||
| 005 | 20260207002919.0 | ||
| 007 | ta | ||
| 008 | 111221b tu |||gr||||#||||1|tur | | ||
| 040 |
_aTR-BiSEU _btur _cTR-BiSEU _erda |
||
| 041 | 0 | _atur | |
| 044 | _ctu | ||
| 050 |
_aPC2112.5 _b.C43 [t.y.] |
||
| 100 | 0 | _aCharles,Hugo. | |
| 245 | 1 |
_aFrench Grammar Simplified : _ban easy and rapid self-ınstructor/ _cCharles,Hugo ; Hugo Charles. |
|
| 264 | 1 |
_aLondon : _bHugo's Language Institute _c[t.y.] |
|
| 300 |
_a124 s. ; _c16 cm. |
||
| 336 |
_ametin _btxt _2rdacontent |
||
| 337 |
_aaracısız _bn _2rdamedia |
||
| 338 |
_acilt _bnc _2rdacarrier |
||
| 490 | 0 | _aHugo's Simplified System | |
| 650 | 0 |
_aFransız dili--Programlı öğretim. _966499 |
|
| 650 | 0 |
_aFransız dili--Ders Kitabı olmayan--Fransızca konuşan öğrenciler. _966500 |
|
| 650 | 0 |
_aFransız dili--Eğitim ve öğretim. _966501 |
|
| 650 | 0 |
_aFrench language--Programmed instruction. _966502 |
|
| 650 | 0 |
_aFrench language--Textbooks for non--French speaking students. _966503 |
|
| 650 | 0 |
_aFrench language--Study and teaching. _966504 |
|
| 830 | 0 |
_aHugo's Simplified System _966505 |
|
| 942 |
_2lcc _cBK |
||
| 999 |
_c34389 _d34389 |
||